000 01037nam a2200289 a 4500
003 DO-SdBNP
005 20240307073950.0
007 ta
008 110404s2002 dr 000 0 spa d
040 _aDO-SdBNP
_bspa
_cBNPHU
082 4 _a342.729302
_bR426c, 2002
_222
110 2 _aRepública Dominicana.
_9447
240 1 0 _aConstitución
245 1 0 _aConstitución de la República Dominicana :
_bLey electoral Nº. 275/97
260 _aSanto Domingo :
_bJunta Central Electoral,
_c2002.
300 _a125 p. ;
_c21 cm.
590 _aInventariado, 2022/ YL
650 4 _aElecciones
_xLegislación
_zRepública Dominicana
_9412
650 4 _aLeyes
_zRepública Dominicana
_93033
651 4 _aRepública Dominicana
_xConstitución (2002{Rpara}
_910514
651 4 _aRepública Dominicana
_xDerecho Constitucional
_99303
651 4 _aRepública Dominicana
_xLey 275-97
_954781
710 1 _aRepública Dominicana.
_b Junta Central Electoral
_964605
740 1 2 _aLey electoral no. 275/97
910 _aYlockward
942 _2ddc
_cLBS1
999 _c53075
_d53075